Football - Club finaliste de ligue des champions - Statistiques

Statistiques générales
  • Ce quiz a été pris 975 fois
  • Le résultat moyen est 24 sur 42
Statistiques - réponses
Finale gagnées Finales perdues Pays Réponse % Correct
14 3 Espagne Real Madrid
98%
7 4 Italie Ac Milan
94%
5 3 Espagne Barcelone
94%
3 3 Italie Inter Milan
94%
2 7 Italie Juventus
92%
6 4 Angleterre Liverpool
92%
6 5 Allemagne Bayern Munich
91%
3 2 Angleterre Manchester United
91%
4 2 Pays-bas Ajax Amsterdam
90%
2 0 Portugal Porto
87%
2 5 Portugal Benfica
86%
1 1 Angleterre Manchester City
86%
2 1 Angleterre Chelsea
85%
0 1 France PSG
85%
1 1 France Olympique de Marseille
74%
1 1 Ecosse Celtic Glasgow
69%
0 1 Angleterre Arsenal
68%
0 3 Espagne Atlético de Madrid
65%
1 0 Pays-bas PSV
65%
2 0 Angleterre Nottingham Forest
60%
1 1 Allemagne Borussia Dortmund
58%
0 1 France As Monaco
54%
1 0 Angleterre Aston Villa
51%
1 0 Serbie Etoile rouge
50%
0 1 Angleterre Tottenham
49%
0 1 France Saint-Etienne
48%
1 0 Pays-bas Feyenoord
47%
0 2 France Stade de Reims
42%
0 2 Espagne Valence
42%
1 1 Allemagne Hambourg SV
38%
1 1 Roumanie Steaua Bucarest
31%
0 1 Allemagne Bayer Leverkusen
30%
0 1 Italie Fiorentina
26%
0 1 Italie As Rome
24%
0 1 Suède Malmö
24%
0 1 Belgique Club Bruges
23%
0 1 Grèce Panathinaïkos
15%
0 1 Angleterre Leeds
14%
0 1 Italie Sampdoria
13%
0 1 Serbie Partizan Belgrade
11%
0 1 Allemagne Borussia Mönchengladbach
8%
0 1 Allemagne Eintracht Francfort
6%
Aucun quiz correspondant
Distribution des résultats
% des personnes avec chaque résultat
Percentile par nombre de réponses
Votre historique - résultats
Vous n’avez pas pris ce quiz